000 01380nam a2200313 c 4500
003 BLK
005 20180422105223.0
008 180409b bul|||||r ||||||| ||bul||
010 _aKNG00103772000
020 _a954-570-083-1
_bиздат.: Аргус
040 _aBLK
041 _aBUL
_cBUL
080 _aБългарска литература
_b821.163.2
_x-322.9
_z821.163.2-322.9
100 1 _aНиколов, Светослав Любенов
_eпърви автор
_9363855
700 1 _aИкономов, Емануел Георгиев
_eпредг. от
_9364109
139 _aНиколов, Светослав
_bН 74
245 1 0 _aПланетата на призраците
_bСб. фантаст. проза
_cСветослав Любенов Николов; предг. от Емануел Георгиев Икономов.
260 София
_bАргус
_c2002
_fСофия : Инвестпрес
300 _a189 с.
_c20 см
380 _aX
490 1 _aНова българска фантастика
_v6
500 _aОфс. изд. - Съдържа и За труда и сътворяването : Интервю с авт. / Ем. Малезанов.
653 _aфантастика
852 _aЦб 213247
856 4 _qpdf
_u
856 4 _qpdf
_u
942 _cKNG
_n0
944 _aCR
_c01.01.2002
_kЛюдмила_Стоянова
944 _aED
_c28.12.2005
_k
999 _c98821
_d98821